000 00691nam a22002297a 4500
003 UA-OsUOA
001 103911
007 ta
008 20131125b un ||||| |||| 00| 0 ukr d
100 _aАндерсен Х.
090 _a821.161.1
_bЛ25
942 _cBK
040 _aUA-OsUOA
_brus
_cUA-OsUOA
_dUA-OsUOA
245 _aСказки рассказанные детям ; Новые сказки
_cЛ. Ю. Брауде, И. П. Стреблова
300 _a366 с.
955 _a3
041 _arus
080 _a821.161.1
260 _aЛенинград
_bНаука
_c1971
650 7 _a82 Література. Літературознавство
_2UDC
999 _c390532
_d390532